Language Quiz

Random Language or Actor Quiz
Score 0/15 Timer 03:00
0 Plays Today
Clues Words % Correct
Talking Horse Mr. __ED
92.6%
Roman Numeral 500D
92.6%
80's Slang for 'Awesome'RAD
90.5%
Medical Professional or Beats CreatorDR
87.4%
'Video Killed the ____ Star'RADIO
87.4%
Exercises for Your HeartCARDIO
84.2%
DryARID
83.2%
Tierra ___ FuegoDEL
76.8%
Clues Words % Correct
Republican Candidate or BananaDOLE
66.3%
'Royals' SingerLORDE
53.7%
Trying ExperienceORDEAL
48.4%
Big Bang Theory scientist or West Side Story composerLEONARD
41.1%
First Name with *Rung 15*★ LEONARDO ★
31.6%
Last Name with *Rung 1*★ DICAPRIO ★
30.5%
Spanish Bull FighterPICADOR
17.9%
Come Together.
Have Fun.
All Virtual.
We all need to come together. Play Sporcle's virtual live trivia to have fun, connect with people, and get your trivia on. Join a live hosted trivia game for your favorite pub trivia experience done virtually. If a virtual private party is more your thing, go here for details.

You're not logged in!

Compare scores with friends on all Sporcle quizzes.
OR
Log In

Sporcle TV

Today on Sporcle TV


Watch our educational content, quiz creation guides, and fun videos on Sporcle TV.

Show Comments

Extras

Top Quizzes Today


Score Distribution

Paid Content

Your Account Isn't Verified!

In order to create a playlist on Sporcle, you need to verify the email address you used during registration. Go to your Sporcle Settings to finish the process.

Report this User

Report this user for behavior that violates our Community Guidelines.

Details: